00807 2200301 4500001002100000005001700021008004100038020001800079035002500097040001200122082001200134084001800146090001800164100001300182245006800195250001100263260003300274300002700307500003100334650002000365850001200385990001800397990001800415990001800433990001800451990001800469990001800487INLIS00000000000250920150331124713.0  a979-007-000-4 a0010-031500000000044 aYOPDYOG a340.112 a340.112 Sup E a340.112 Sup E aSUPRIADI aEtika dan tanggung jawab profesi hukum di Indonesiac/ Supriadi aCet. 4 aJakartabSinar Grafikac2014 axii, 339 hlm. ;c23 cm aBibliografi : hlm. 337-338 aHukum dan etika aYOPDYOG a10083-PD/B.15 a10084-PD/B.15 a10085-PD/B.15 a10083-PD/B.15 a10084-PD/B.15 a10085-PD/B.15